Film Found Footage - Mort Subite - Statistiques

Statistiques générales
  • Ce quiz a été pris 65 fois
    49 depuis la dernière actualisation
  • Le résultat moyen est 6 sur 20
Answers on the Grid
Answers color-coded by a green-red scale on the quiz's grid according to % correct below.
Troll Hunter
Poltergeist (1982)
Cloverfield
Rubber
Projet X
Chronicle
Apollo 18
Apollo 13
Grave Encounters
Videodrome
Sinister
Chroniques de Tchernobyl
La Mouche
V/H/S
Le Projet Blair Witch
Drive
Projet Almanac
Sharknado
The Bay
Sans un bruit
Pyramide
Camping
Phoenix Forgotten
Suspiria
Host
Babysitting
Midnight Express
Cannibal Holocaust
Chambre 1408
REC 2
C'est arrivé près de chez vous
La Chute
The Revenant
Paranormal Activity
Urban Legend
 
Statistiques - réponses
Réponse % Correct
Projet X
56%
Le Projet Blair Witch
44%
Paranormal Activity
44%
REC 2
44%
Cloverfield
39%
C'est arrivé près de chez vous
37%
Babysitting
34%
Troll Hunter
32%
Apollo 18
29%
Chroniques de Tchernobyl
29%
V/H/S
27%
Cannibal Holocaust
24%
Chronicle
24%
Projet Almanac
22%
Host
17%
Grave Encounters
15%
Phoenix Forgotten
15%
Pyramide
15%
Sinister
15%
The Bay
15%
Aucun quiz correspondant
Distribution des résultats
% des personnes avec chaque résultat
Percentile par nombre de réponses
Votre historique - résultats
Vous n’avez pas pris ce quiz depuis la dernière actualisation